| 000 | 00648cab a2200241 4500 | ||
|---|---|---|---|
| 001 | WB3042-17 | ||
| 008 | 090401t1994 xxu||||| |||| 00| 0 eng d | ||
| 035 | _a(Sirsi) u76828 | ||
| 041 | _aeng | ||
| 245 | _aGrants for cathedrals | ||
| 260 | _c1994 | ||
| 350 | _a0 | ||
| 490 |
_aGuardian _v10 November 1994, 11(1) |
||
| 520 | _aThirty cathedrals have been awarded grants totalling more than £4m from English Heritage. Table. | ||
| 650 | _aCATHEDRALS | ||
| 650 | _aECCLESIASTICAL BUILDINGS | ||
| 650 | _aENGLISH HERITAGE | ||
| 650 | _aGRANTS | ||
| 650 | _aRESTORATION | ||
| 690 | _aCONSERVATION | ||
| 942 | _n0 | ||
| 948 | _c04/03/1997 | ||
| 999 |
_c48269 _d48269 |
||